书目信息 |
| 题名: |
机械制造技术基础
|
|
| 作者: | 卢秉恒 编 | |
| 分册: | ||
| 出版信息: | 北京 机械工业出版社 2004 |
|
| 页数: | 258页 | |
| 开本: | 26cm | |
| 丛书名: | ||
| 单 册: | ||
| 中图分类: | TH16 | |
| 科图分类: | ||
| 主题词: | 机械制造工艺 | |
| 电子资源: | ||
| ISBN: | 7-111-07154-9 | |
| 000 | 00638nam0 2200205 450 | |
| 001 | 0636561047 | |
| 005 | 20061009094830.17 | |
| 010 | @a7-111-07154-9@dCNY21.50 | |
| 100 | @a20061008d2004 km y0chiy0120 ea | |
| 101 | 0 | @achi |
| 102 | @aCN@b110000 | |
| 200 | 1 | @a机械制造技术基础@Aji xie zhi zao ji shu ji chu@f卢秉恒 编@Flu bing heng bian |
| 210 | @a北京@c机械工业出版社@d2004 | |
| 215 | @a258页@d26cm | |
| 300 | @a面向21世纪课程教材、普通高等教育"九五"部级重点教材、普通高等教育机电类规划教材 | |
| 606 | 0 | @a机械制造工艺 |
| 690 | @aTH16@v3 | |
| 701 | 0 | @a卢秉恒@Alu bing heng@4编 |
| 801 | 0 | @aCN@bPFT@c20061009 |
| 905 | @a10447@dTH16@e13 | |
| 机械制造技术基础/卢秉恒 编.-北京:机械工业出版社,2004 |
| 258页;26cm |
| 面向21世纪课程教材、普通高等教育"九五"部级重点教材、普通高等教育机电类规划教材 |
| ISBN 7-111-07154-9:CNY21.50 |
| ● |
| 相关链接 |
|
|
|
|
正题名:机械制造技术基础
索取号:TH16/13
 
预约/预借
| 序号 | 登录号 | 条形码 | 馆藏地/架位号 | 状态 | 备注 |
| 1 | 0501575 | 205015758 | 密集书库/ [索取号:TH16/13] | 在馆 |